| 000 | 00700nam a2200217Ia 4500 | ||
|---|---|---|---|
| 005 | 20241129111032.0 | ||
| 008 | 241129s9999||||xx |||||||||||||| ||und|| | ||
| 020 | _a9789386534798 | ||
| 037 | _aTB | ||
| 040 |
_aCRL _bhin _cCRL |
||
| 041 |
_ahin _2hin |
||
| 084 |
_aO152,3NARx R2 _qCRL |
||
| 100 | _aमोहम्मद आरिफ़, ले. | ||
| 245 | 0 |
_aचूक _cमोहम्मद आरिफ़, ले. |
|
| 260 |
_aदिल्ली, भारत _bराजपाल एण्ड सन्ज़ _c2022 |
||
| 300 | _a112पृ0 | ||
| 365 |
_aINR _b195 |
||
| 650 |
_aHindi LiteratureFiction _9726203 |
||
| 942 |
_cTB _hO152,3NARx R2 |
||
| 999 |
_c1228640 _d1228640 |
||